|
|
|
|
| LEADER |
00000cam a2200000 4500 |
| 001 |
vtls009494069 |
| 003 |
SK-MaSNL |
| 005 |
20260301082150.0 |
| 008 |
180810s1718 xo a 010 0 latr |
| 015 |
|
|
|a SNBHFA
|
| 040 |
|
|
|a SNK
|b slo
|c SNK
|e rda
|
| 041 |
|
|
|a lat
|
| 044 |
|
|
|a xo
|c SK
|
| 072 |
|
7 |
|a 93/94
|x Dejiny (všeobecne)
|2 konspekt
|
| 072 |
|
7 |
|a 34
|x Právo
|2 konspekt
|
| 080 |
|
|
|a 93/94
|2 2011
|
| 080 |
|
|
|a 34
|2 2011
|
| 100 |
1 |
|
|a Jóny, Ján,
|d 1695-1755
|4 aut
|4 dte
|9 406641
|
| 245 |
1 |
0 |
|a Ioannis Iony Iglov. Hvng. De Avctoritate Ivris Civilis Romanorvm In Regno Hvngariae Schediasma Historico-Ivridicvm
|
| 246 |
3 |
0 |
|a De Avctoritate Ivris Civilis
|
| 264 |
|
3 |
|a Levtschoviae
|b Typis Brewerianis
|c Anno M DCC XVIII. (1718)
|
| 300 |
|
|
|a 6 nečíslovaných strán, 14 strán
|c 19 cm
|
| 336 |
|
|
|a text
|b txt
|2 rdacontent
|
| 337 |
|
|
|a bez média
|b n
|2 rdamedia
|
| 338 |
|
|
|a zväzok
|b nc
|2 rdacarrier
|
| 500 |
|
|
|a Titulná strana s vinetou, vineta, ozdobné linky, ozdobné iniciály, zložky, kustody
|
| 501 |
|
|
|a Príväzok 6. k: SENTIVÁNI, Martin: Summarium Chronologiae Hungaricae, Ex Secunda Parte III. Decadis,... Trnava, Akadem. tlač., 1697.
|5 SNK SD 10401
|
| 504 |
|
|
|a Poznámky pod textom
|
| 508 |
|
|
|a Venovanie autora mecenášovi Joannesovi Constantinovi Marzkovszkému
|
| 510 |
4 |
|
|a Bibliografia tlačí 18. stor.
|c III./4484
|
| 650 |
0 |
7 |
|a dejiny
|2 SNKPH
|9 3825
|
| 650 |
0 |
7 |
|a právo
|2 SNKPH
|9 976
|
| 651 |
|
7 |
|a Uhorsko
|2 SNKPHgeo
|9 28673
|
| 700 |
1 |
|
|a Marzkovszky, Joannes Constantin
|4 pat
|4 hnr
|9 406642
|
| 700 |
1 |
|
|a Lubomierszky, Teodor
|4 hnr
|9 406643
|
| 700 |
1 |
|
|a Brewer, Ján,
|d 1675-1744
|4 prt
|9 91642
|
| 752 |
|
|
|a Slovensko
|d Levoča
|
| 852 |
|
|
|a snk
|p SD 10401/prív.6
|
| 958 |
|
|
|a ONDV
|
| 958 |
|
|
|a DD
|
| 999 |
|
|
|c 657853
|d 659783
|
| 952 |
|
|
|a SNK
|b SNK
|y PREZ
|7 0
|p 17A1485201
|o snkSD 10401/prív.6
|i snk3673/56
|0 0
|1 0
|4 0
|d 2009-04-21
|l 0
|r 2025-11-24 00:00:00
|w 2026-02-23
|